Terremotos: análisis espectral y características de acelerogramas como base del diseño sísmico=Earthquakes: spectral analysis and characteristics of accelerograms as a basis of earthquake resistant design

Uloženo v:
Podrobná bibliografie
Hlavní autor: Husid, Raúl (Autor)
Médium: Kniha
Jazyk:angličtina
španělština
Vydáno: Santiago Andrés Bello 1973
Témata:
Tagy: Přidat tag
Žádné tagy, Buďte první, kdo vytvoří štítek k tomuto záznamu!

MARC

LEADER 00000nam a2200000 a 4500
001 UCU3585
003 CL-VaPUC
008 960510e19730000CL |||||||||||||||||eng|d
041 0 7 |a eng  |2 CL-VaPUC 
041 0 7 |a spa  |2 CL-VaPUC 
082 0 4 |a 551.22  |b HUS  |2 21 
100 0 |a Husid, Raúl  |e author  |9 360606 
245 1 0 |a Terremotos: análisis espectral y características de acelerogramas como base del diseño sísmico=Earthquakes: spectral analysis and characteristics of accelerograms as a basis of earthquake resistant design 
300 |a 447 p 
942 |c BK 
945 |d 19960510 00:00:00  |a cmena 
260 |a Santiago  |b Andrés Bello  |c 1973 
650 0 |a Sismos  |9 348456 
650 0 |a Catástrofes naturales  |9 268107 
650 0 |a Sismología  |9 268106 
650 0 |a Geofísica  |9 261453 
650 0 |a Desastres  |9 263945 
651 7 |a CHILE  |2 CL-VaPUC  |9 360607 
651 0 |a Perú  |9 256567 
651 0 |a Estados Unidos  |9 255178 
651 0 |a México  |9 255269 
651 0 |a Japón   |9 260391 
583 |a last modification  |c 19960510 00:00:00  |k Rodrigo Vera 
999 |c 247538  |d 247536 
952 |0 0  |1 0  |4 0  |6 551_220000000000000_HUS_1973  |7 0  |8 P  |9 263526  |a BIBING  |b BIBING  |d 2019-11-19  |i 1650289  |l 1  |o 551.22 HUS 1973  |p 1650289  |r 2025-01-20  |s 2023-04-19  |w 2019-11-19  |y BK  |k CCL 
952 |0 0  |1 0  |4 0  |6 551_220000000000000_HUS_1973  |7 0  |8 P  |9 263527  |a BIBING  |b BIBING  |d 2019-11-19  |i 1661167  |o 551.22 HUS 1973  |p 1661167  |r 2025-01-20  |w 2019-11-19  |y BK  |k ING